000 00894nam a2200277 i 4500
003 EG-GICUC
005 20260121101502.0
008 251215s1932 fr ||||fr|||| 00| 0 fre d
040 _aEG-GiCUC
_bfre
_cEG-GiCUC
_dEG-GiCUC
_eRda
041 0 _afre
082 0 4 _221
_a338.82
_bAM . I
092 0 4 _221
099 _aLaw1 13 338.82 AM . I 1932
100 1 _aAmini, Ali
_eAuteur
245 1 2 _aL'institution du monopole de commerce extérieur en perse /
_cAli Amini.
264 1 _aParis :
_bLibrairie Arthur rousseau,
_c1932.
300 _a194 page ;
_c 24 cm.
336 _2rda contenu
_a texte
337 _2rda medias
_aOrdinateur
338 _2 transporteur rda
_a Ressource en ligne
546 _aTexte en français
650 1 4 _aPublic finance and tax legislation
856 4 0 _uhttps://fll.law.cu.edu.eg/fulltext/bks/B13-08521.pdf
905 _a30
_eHassnaa
942 _2ddc
_cBK
_e21
_n0
999 _c50446
_d50446